| 000 | 01324nam0a2200301 4500 | ||
|---|---|---|---|
| 001 | RU\NLR\b_ik\83494 | ||
| 005 | 20250616224606.0 | ||
| 010 |
_a5-94409-003-0 _9300 |
||
| 035 | _a(NLR Aleph) 002157601 | ||
| 090 |
_a2481725 _c2481725 |
||
| 100 | _a20020408d2001 |||y0rusy50 ca | ||
| 101 | 0 |
_aeng _arus |
|
| 102 | _aRU | ||
| 105 | _ay ||||||||| | ||
| 200 | 1 |
_aScience club. Second meeting _eUpper-intermediate Engl. for students of science _fС.В. Еремина, С.А. Минеева, М.В. Мазо _gПод ред. канд. филол. н., доц. Л.И. Сокиркиной _gСарат. гос. ун-т им. Чернышевского |
|
| 210 |
_aСаратов _cИзд-во Гос. учеб.-науч. центра "Колледж" _d2001 |
||
| 215 |
_a67 с. _d20 |
||
| 320 | _aБиблиогр.: с. 67 | ||
| 541 | 0 |
_aАнглийский клуб. Вторая встреча. _zrus |
|
| 606 | 0 |
_aАнглийский язык _jУчебные издания _9972309 _3RU\NLR\AUTH\6646032 |
|
| 686 | 1 | _aШ143.21-93рус32 | |
| 700 | 1 |
_aEremina _bС. В. _gSvetlana Viktorovna _4070 |
|
| 701 | 1 |
_aMineeva _bS. A. _gSabina Aleksandrovna _4070 |
|
| 701 | 1 |
_aMazo _bM. V. _gMarina Vladimirovna _4070 |
|
| 801 | 0 |
_aRU _bNLR _c20020408 _gPSBO |
|
| 942 | _cBOOK | ||
| 980 | _aNB | ||